[Event "ROM-ch U10 Girls"]
[Site "Calimanesti"]
[Date "2018.04.02"]
[Round "8"]
[White "Moraru, Ana Alina"]
[Black "Barbu, Ana Maria"]
[Result "1-0"]
[WhiteElo "1101"]
[BlackElo "1026"]
[PlyCount "65"]
[EventDate "2018.03.27"]
[EventType "swiss"]
[EventRounds "9"]
[EventCountry "ROU"]
[SourceTitle "CBM 183 Extra"]
[Source "ChessBase"]
[SourceDate "2018.04.19"]
[SourceVersion "1"]
[SourceVersionDate "2018.04.19"]
[SourceQuality "1"]

1. d4 d5 2. Nf3 Bf5 3. g3 e6 4. Bg2 Nf6 5. 0-0 Bd6 6. Nbd2 h6 7. c4 b6 8. Re1 Nc6 9. Nh4 Bg6 10. Nxg6 fxg6 11. e4 dxe4 12. Nxe4 a5 13. Nxf6+ Qxf6 14. Bxc6+ Ke7 15. Bxa8 Rxa8 16. d5 e5 17. f4 Bc5+ 18. Kh1 Bd6 19. fxe5 Bxe5 20. Bf4 Kf8 21. Bxe5 Qe7 22. Qd4 Kg8 23. d6 Qd7 24. Qd5+ Kh7 25. Qxa8 cxd6 26. Rad1 Qf5 27. Rxd6 Qf7 28. Rd8 g5 29. Rh8+ Kg6 30. Rf8 Qxc4 31. Qb7 Qc5 32. Qf7+ Kh7 33. Qxg7# 1-0

[Event "ROM-ch U10 Girls"]
[Site "Calimanesti"]
[Date "2018.03.29"]
[Round "4"]
[White "Gheorghe, Raisa Maria"]
[Black "Barbu, Ana Maria"]
[Result "1-0"]
[WhiteElo "1001"]
[BlackElo "1026"]
[PlyCount "77"]
[EventDate "2018.03.27"]
[EventType "swiss"]
[EventRounds "9"]
[EventCountry "ROU"]
[SourceTitle "CBM 183 Extra"]
[Source "ChessBase"]
[SourceDate "2018.04.19"]
[SourceVersion "1"]
[SourceVersionDate "2018.04.19"]
[SourceQuality "1"]

1. e4 e5 2. Nf3 Nc6 3. Bc4 Nf6 4. Nc3 Bc5 5. 0-0 d6 6. h3 0-0 7. d3 h6 8. Be3 Bb6 9. Qd2 Be6 10. Bb3 d5 11. Ba4 Qd7 12. Bxc6 Qxc6 13. Nxe5 Bxe3 14. fxe3 Qd6 15. Nf3 dxe4 16. Nxe4 Nxe4 17. dxe4 Qg3 18. Qf2 Qg6 19. Ne5 Qxe4 20. Nd3 Qg6 21. Kh2 Bf5 22. Qxf5 Qd6+ 23. Kg1 Qb6 24. Rae1 Qc6 25. Ne5 Qd5 26. a3 Rae8 27. Ng4 Qd6 28. Rd1 Qb6 29. b3 f6 30. Qd5+ Re6 31. Nf2 Qxe3 32. Rde1 Qb6 33. Rxe6 Qxe6 34. Qxe6+ Rf7 35. Ng4 h5 36. Rd1 hxg4 37. Rd7 Kh7 38. Qxf7 gxh3 39. Qxg7# 1-0

[Event "ROM-ch U10 Girls"]
[Site "Calimanesti"]
[Date "2018.03.27"]
[Round "1"]
[White "Barbu, Ana Maria"]
[Black "Darie, Cleopatra Iuliana"]
[Result "0-1"]
[WhiteElo "1026"]
[BlackElo "1145"]
[PlyCount "100"]
[EventDate "2018.03.27"]
[EventType "swiss"]
[EventRounds "9"]
[EventCountry "ROU"]
[SourceTitle "CBM 183 Extra"]
[Source "ChessBase"]
[SourceDate "2018.04.19"]
[SourceVersion "1"]
[SourceVersionDate "2018.04.19"]
[SourceQuality "1"]

1. e4 e5 2. Nc3 Nf6 3. Nf3 Nc6 4. a3 Bc5 5. Nxe5 Nxe5 6. d4 Bd6 7. dxe5 Bxe5 8. Bc4 0-0 9. 0-0 Bxc3 10. bxc3 Nxe4 11. Qd4 Nf6 12. Re1 d5 13. Bb3 Qd6 14. Re5 Be6 15. Bg5 Ng4 16. Bf4 Nxe5 17. Bxe5 Qb6 18. Bxg7 Qxd4 19. Bxd4 c6 20. Re1 Rfe8 21. h3 Bf5 22. Re3 Rxe3 23. Bxe3 b6 24. f3 Re8 25. Bh6 Re2 26. g4 Bxc2 27. Bxc2 Rxc2 28. f4 Rxc3 29. Kg2 Rxa3 30. h4 Re3 31. h5 a5 32. f5 Re4 33. g5 a4 34. g6 fxg6 35. hxg6 hxg6 36. fxg6 Rg4+ 37. Kf1 Rxg6 38. Bd2 Re6 39. Bc3 b5 40. Kf2 c5 41. Kf3 b4 42. Bb2 a3 43. Ba1 b3 44. Bc3 b2 45. Bxb2 axb2 46. Kf4 b1Q 47. Kf3 Qf1+ 48. Kg4 Rg6+ 49. Kh5 Qf5+ 50. Kh4 Qg4# 0-1